Word Ladder: Wedding Bells Quiz Stats

 Plays Quiz Updated Sep 30, 2014

Challenge
Share
Tweet
Embed
Score 0/17 Timer 03:00
2 Plays Today
Hint 5-Letter Word % Correct
♡ Man to be wed ♡♡ GROOM ♡
99.6%
Long-handled brush of bristles, used for sweepingBROOM
98.6%
♡ Woman to be wed ♡♡ BRIDE ♡
97.6%
A small streamBROOK
94.3%
Small rectangular block typically made of fired or sun-dried clay, used in buildingBRICK
93.6%
♡ Small metal bands exchanged by the man and woman in wedding ♡♡ RINGS ♡
93.6%
Gusty; breezyWINDY
90.9%
Pro wrestler Lesnar, or Pokémon Gym leaderBROCK
90.5%
Sister of John and Michael in Disney's 'Peter Pan'WENDY
90.1%
Hint 5-Letter Word % Correct
New England Patriots quarterback Tom or classic TV matriarch CarolBRADY
87.9%
American sitcom about an airport, starring Tim Daly and Steven WeberWINGS
87%
Soft and flexibleBENDY
86.8%
Twists a handle to activate, as with a music boxWINDS
86.6%
Water saturated with saltBRINE
84.5%
Small, round, and gleaming (e.g. eyes)BEADY
82.1%
Edge; lipBRINK
81.4%
Composer whose 'Coral' is the earliest solo violin music written by an EnglishmanBRADE
79%

Today's Daily Dose

Missing Word
TV HA - HZ

Word Ladder
Nordic Capital

On This Day
January 19th II

You're not logged in!

Compare scores with friends on all Sporcle quizzes.
OR
Log In

You Might Also Like...

Show Comments

Extras

Top Quizzes Today


Score Distribution

Your Account Isn't Verified!

In order to create a playlist on Sporcle, you need to verify the email address you used during registration. Go to your Sporcle Settings to finish the process.

Report this User

Report this user for behavior that violates our Community Guidelines.

Details: